00970cam a22002171 4500001001300000003000400013005001700017008004100034010001700075035001900092040005400111042001200165050003100177051002600208100003500234245025600269260006500525300005500590410006400645650004300709gs 27000263 DLC20260227111331.0820826s1927 kyu 000 0 eng c ags 27000263  a(OCoLC)8721884 aU. S. Geol. Survey. Libr.cGStGdKyBBdOCoLCdDLC apremarc00aQE115b.A3 ser. 6, pam. 13 aTN24.K4bJ56cCopy 2.1 aJillson, Willard Rouse,d1890-10aKentucky's mineral resources,ba brief geologic and geographic review, coupled with summary statistics of production,cby Willard Rouse Jillson, director and state geologist. Thirty-seven photographic illustrations and mineral index maps of Kentucky. aFrankfort, Kentucky,bThe Kentucky Geological Survey,c1927. a45 p.bincl. front., illus., maps, tables.c23 cm.20aKentucky Geological Survey.tSeries VI. Pamphlet,vno. 13. 0aMines and mineral resourceszKentucky.